Govt. of
Madhya Pradesh

Success or Surrender The Simla Summit (Record no. 36003)

MARC details
000 -LEADER
fixed length control field 004360000a22001690004500
003 - CONTROL NUMBER IDENTIFIER
control field MACL
005 - DATE AND TIME OF LATEST TRANSACTION
control field 20151230144539.0
008 - FIXED-LENGTH DATA ELEMENTS--GENERAL INFORMATION
fixed length control field 151230b xxu||||| |||| 00| 0 eng d
040 ## - CATALOGING SOURCE
Original cataloging agency MACL
Transcribing agency MACL
041 ## - LANGUAGE CODE
Language code of text/sound track or separate title English
082 ## - DEWEY DECIMAL CLASSIFICATION NUMBER
Classification number 320/BHA
100 ## - MAIN ENTRY--PERSONAL NAME
Personal name Bhargava, G S
9 (RLIN) 15321
245 ## - TITLE STATEMENT
Title Success or Surrender The Simla Summit
260 ## - PUBLICATION, DISTRIBUTION, ETC. (IMPRINT)
Name of publisher, distributor, etc. Sterling Publishing
Date of publication, distribution, etc. 1972
650 ## - SUBJECT ADDED ENTRY--TOPICAL TERM
Topical term or geographic name as entry element Political Science
9 (RLIN) 24960
942 ## - ADDED ENTRY ELEMENTS (KOHA)
Koha item type Books
Call number prefix 320/Bha
Source of classification or shelving scheme
Holdings
Withdrawn status Lost status Source of classification or shelving scheme Damaged status Not for loan Home library Current library Date acquired Total Checkouts Full call number Barcode Date last seen Uniform Resource Identifier Price effective from Koha item type
          MACL MACL 15/04/2015   320/Bha CLE015717 29/04/2015 36212 15/04/2015 Books